| 000 | 01661nam a2200433Ii 4500 | ||
|---|---|---|---|
| 001 | DIGINDE0092 | ||
| 003 | NyNyDIG | ||
| 006 | m o d | ||
| 007 | cr ||||||||||| | ||
| 008 | 211225s2021 sp a ob 000 0 spa d | ||
| 035 | _a(OCoLC)1281959705 | ||
| 040 |
_aDGITA _beng _erda _epn _cDGITA |
||
| 020 |
_a9788497296151 _qeBook _qpdf |
||
| 020 | _z9788497291644 | ||
| 050 | 1 | 4 | _aGV443 ebook |
| 245 | 0 | 3 |
_aLa educación física en la educación infantil de 3 a 6 años / _cPilar Aznar Oro [and 3 others] |
| 250 | _aPrimera edición. | ||
| 264 | 1 |
_a[Barcelona] : _bINDE Publicaciones, _c2021. |
|
| 300 |
_a1 online resource : _billustrations. |
||
| 336 |
_atext _btxt _2rdacontent |
||
| 337 |
_acomputer _bc _2rdamedia |
||
| 338 |
_aonline resource _bcr _2rdacarrier |
||
| 347 |
_atext file _2rdaft |
||
| 347 | _bPDF | ||
| 490 | 1 | _aColección Educación física | |
| 504 | _aIncludes bibliographical references. | ||
| 588 | 0 | _aOnline resource; title from PDF title page (Digitalia, viewed December 25, 2021) | |
| 650 | 0 |
_aPhysical education for children _xCurricula. |
|
| 650 | 0 |
_aPhysical education for children _xStudy and teaching. |
|
| 655 | 0 | _aElectronic books. | |
| 700 | 1 |
_aAznar Oro, Pilar, _eauthor. |
|
| 791 | 2 |
_aDigitalia (Firm), _edistributor. |
|
| 830 | 0 | _aColección Educación física. | |
| 793 | 0 |
_gDigitalia eBook Collection: _aInde |
|
| 776 | 0 | 8 |
_iPrint version: _tEducación física en la educación infantil de 3 a 6 años. _dBarcelona : INDE Publicaciones, 2019 _z9788497291644 |
| 856 | 4 | 0 |
_3Digitalia Hispánica _uhttps://www.digitaliapublishing.com/a/103570/ |
| 910 | _aPremium collection: 2022 | ||
| 942 | _cRAA | ||
| 999 |
_c269734 _d269734 |
||